000 00295nam a22001337a 4500
008 170530b xxu||||| |||| 00| 0 eng d
020 _a9780807000595
041 _aeng
080 _a94(7/8)
100 _a17
101 _aSHH
245 _aNOBODY TURN ME AROUND
_cEUCHNER CH
942 _2udc
_cBK
999 _c15013
_d15013